2003 un any d'avanç en la consolidació de les oficines tècniques laborals : presentació de la memòria d'activitats anuals de la Xarxa d'Oficines Tèniques Laborals a la província de Barcelona presentació de la memòria d'activitats anuals de la Xarxa d'Oficines Tèniques Laborals a la província de Barcelona
Descripción Física:
28 p. : taules, gràf. ; 30 cm
MARC
| LEADER | 00000nam a2200000Ia 4500 | ||
|---|---|---|---|
| 001 | 20859 | ||
| 008 | 160829s2004 xx 000 0 cat d | ||
| 080 | |a FU-20-9 | ||
| 245 | |a 2003 un any d'avanç en la consolidació de les oficines tècniques laborals : |b presentació de la memòria d'activitats anuals de la Xarxa d'Oficines Tèniques Laborals a la província de Barcelona | ||
| 260 | |a Barcelona : |b Diputació de Barcelona. Àrea de Promoció Econòmica i Ocupació, |c 2004 | ||
| 300 | |a 28 p. : |b taules, gràf. ; |c 30 cm | ||
| 650 | 0 | |a Serveis municipals |x Barcelona (Catalunya : Província) |9 30634 | |
| 650 | |a Xarxa d'Oficines Tècniques Laborals (Barcelona) |9 17542 | ||
| 710 | 1 | |a Barcelona (Catalunya : Província). |b Àrea de Promoció Econòmica i Ocupació |9 17540 | |
| 901 | |a Arxiu | ||
| 942 | |n 1 | ||
| 952 | |0 0 |1 0 |4 0 |6 FU209 |7 1 |9 50081 |a Arxiu |b Arxiu |d 2016-12-01 |l 0 |o FU-20-9 |p 20859 |r 2016-12-01 00:00:00 |w 2016-12-01 |y ARXIU | ||
| 999 | |c 53923 |d 53923 | ||